| 000 | 00646nam a22002177a 4500 | ||
|---|---|---|---|
| 999 |
_c6877 _d6877 |
||
| 001 | 1125 | ||
| 003 | BD-DhUAP | ||
| 005 | 20210109152523.0 | ||
| 008 | 210109s1994 ca a|||| |||| 00| 0 eng d | ||
| 020 | _a0969714424 | ||
| 040 |
_aBD-DhUAP _bEng _cBD-DhUAP _dBD-DhUAP |
||
| 082 |
_223 _a741 BAN |
||
| 100 | _aBanerji, Anupam. | ||
| 245 |
_aBetween lines : _bfrom doodles to composition / _cAnupam Banerji and Michael Elmitt. |
||
| 260 |
_aWaterloo, Ont. : _bEscart Press, _c©1994. |
||
| 300 |
_a191 pages : _billustrations ; _c21 cm. |
||
| 650 | _aDrawing. | ||
| 650 |
_aDrawing _vTechnique. |
||
| 700 | _aElmitt, Michael. | ||
| 942 |
_2ddc _cBK |
||